00434nam a2200145Ia 4500008004100000020001800041041000800059082001600067100002200083245010900105250000600214260003300220300001200253650002300265210716s2014 xx 000 0 und d a9780143423522 aeng a374.22 BIJR aBijapurkar, Rama. aNever before world: tracking the evolution of consumer India.bTracking the evolution of consumer India. a1 aHaryanabPenguin Booksc2014 axiv,360 aGeneral Management